02017cam a22002291 450000100060000000300080000600500170001400800390003103500190007004000320008904100080012108200180012924501480014726000730029530000250036850400200039350512590041360000430167265000200171570000300173570000220176519862BD-RjUL20211209000504.0161112r19671958mnu 011 0 eng a(BD-RjUL)19923 aDLCcDLCdDLCdBD-RjULbeng aeng00a823bFRO 196710aFrom Jane Austen to Joseph Conrad :bessays collected in memory of James T. Hillhouse /cEdited by Robert C. Rathburn and Martin Steinmann, Jr. aMinneapolis :bUniversity of Minnesota Press,c1958 [printing 1967]. aix, 326 p. ;c24 cm. aincludes index.0 aJames Theodore Hillhouse, by T. Hornberger.--The makers of the British novel, by R. C. Rathburn.--The background of Mansfield Park, by C. Murrah.--Critical realism in Northanger Abbey, by A. D. McKillop.--Scott's Redgauntlet, by D. Daiches.--History on the Hustings: Bulwer-Lytton's historical novels of politics, by C. Dahl.--Thackeray, a novelist by accident, by J. Y. T. Greig.--A note on Dickens' humor, by D. Bush.--Self-help and the helpless in Bleak House, by G. H. Ford.--Form and substance in the Brontë novels, by M. R. Watson.--Charlotte Brontës "New" Gothic, by R. B. Heilman.--Elizabeth Cleghorn Gaskell, by Y. Ffrench.--Trollope's Orley Farm: artistry Mangué, by B. A. Booth.--Anthony Trollope: the Palliser novels, by A. Mizener.--George Eliot's originals, by G. S. Haight.--Middlemarch, George Eliot's masterpiece, by S. J. Ferris.--Charles Reade's Christie Johnstone: a portrait of the artist as a young pre-Raphaelite, by W. Burns.--George Meredith's One of our conquerors, by F. Gudas.--Hardy's major fiction, by J. Holloway.--The spiritual theme of George Gissing's Born in exile, by Korg.--Samuel Butler and Bloomsbury, by W. V. O'Connor.--Apology for Marlow, by W. Y. Tindall.--The old novel and the new, by M. Steinmann, Jr.10aHillhouse, James Theodore,d1890-1956. 0aEnglish fiction1 aRathburn, Robert Charles,1 aSteinmann, Martin